| 000 | 00670nmm a2200253 a 4500 | ||
|---|---|---|---|
| 003 | AR-BaBNM | ||
| 005 | 20251128204141.0 | ||
| 008 | 087019s1982 ||||||||||||||000 | spa|| | ||
| 020 | _a950-03-8784-0 | ||
| 040 | _cAR-BaBNM | ||
| 100 | 1 | _aJiménez de Asúa, Luis | |
| 245 | 1 | 0 |
_aTratado de Derecho Penal _bla culpabilidad y su exclusión _n6 |
| 250 | _a3ª ed. | ||
| 260 |
_aBuenos Aires _bLosada _c1982 |
||
| 300 | 0 | _a1051 p. | |
| 500 | 0 | _aContiene un listado de las obras del autor al final de la obra | |
| 650 | 4 | _aDERECHO PENAL | |
| 650 | 4 | _aDELITOS | |
| 650 | 4 | _aCULPA | |
| 650 | 4 | _aLEGISLACION | |
| 651 | 4 | _aArgentina | |
| 942 | _cBK | ||
| 998 | _cAndrea | ||
| 999 |
_c6378 _d6378 |
||